| 000 | 02041ncm0a2200385 4500 | ||
|---|---|---|---|
| 001 | RU\NLR\ONIZ\215406 | ||
| 005 | 20250626044920.0 | ||
| 010 | _a5-901864-30-1 | ||
| 021 |
_aRU _b06-71 _906-3 |
||
| 035 | _a(NLR Aleph) 011337760 | ||
| 090 |
_a11172821 _c11172821 |
||
| 100 | _a20150528d2005 |||y0rusy50 ca | ||
| 101 | 0 | _arus | |
| 102 | _aRU | ||
| 125 | _azx | ||
| 145 | 0 | _ab | |
| 200 | 1 |
_aЛюбимая классика _bНоты _eдля фп. [в 2 и 4 руки] _hВып. 7 _fсост. Т. Антипова |
|
| 210 |
_aМосква _cЗолотое руно _d2005 |
||
| 215 |
_a32 с. _cпортр. _d28 см |
||
| 327 | 1 | _a1. Adagio: из Сонаты № 6 A dur / К. Ф. Эм. Бах. 2. Грёзы: ор. 15 № 7 / Р. Шуман. 3. Дуэт Лакме и Миллики: из оперы "Лакме" / Л. Делиб. 4. Импровизация: ор. 84 № 5 / Г. Форе. 5. Вальс: ор. 31 № 2 / Ц. Кюи. 6. Грустная песенка / В. Калинников. 7. Осенняя песнь: из цикла "Времена года" / П. Чайковский. 8. Пляска половецких девушек: из оперы "Князь Игорь": для фп. в 4 руки / А. Бородин. 9. Детский марш: для фп. в 4 руки / Ф. Шуберт | |
| 606 | 1 |
_aФортепианная музыка _z19-20 вв. _2nlr_sh |
|
| 606 | 1 |
_aПроизведения для фортепиано в 4 руки _jНоты _2nlr_sh |
|
| 686 |
_aЩ952.425.4-09я43 _vLBC/SL _2rubbk |
||
| 686 |
_aЩ954.2я43 _vLBC/SL _2rubbk |
||
| 701 | 1 |
_9z04790 _aАнтипова _bТ. Е. _gТатьяна Евгеньевна _4220 _7ca |
|
| 790 | 1 |
_9z04701 _aAntipova _bT. _gTat`jana _4220 _7ba |
|
| 801 | 0 |
_aRU _bNLR _c20150528 _gPSBO |
|
| 801 | 1 |
_aRU _bNLR _c20150528 _2rusmarc |
|
| 801 | 2 |
_aRU _bNLR _c20190630 |
|
| 852 |
_aNLR _bМ _jК-3/22949(7) _pМОЭ 2006-3/71 _t1 |
||
| 852 |
_aNLR _bМ _jК-3/22949(7)а _pМОЭ 2006-3/71а _t2 |
||
| 942 | _cSCORE | ||
| 980 | _aNB | ||
| 980 | _aONIZ | ||